000
00288nam a2200121Ia 4500
008
140130s9999 xx 000 0 und d
245
_c
Melinda Long
_a
How I became a Pirate
260
_b
Scholastic,
_c
2003
440
_v
1
521
_a
Grade 1 - Grade 2
942
_c
BK
999
_c
40427
_d
40427